[Event "Madrid Oliver Gonzalez Memorial-B 3rd"]
[Site "Madrid"]
[Date "2012.09.04"]
[Round "4"]
[White "Fernandez Rodriguez, Fernando Javier"]
[Black "Vazquez Gonzalez, Francisco"]
[Result "1/2-1/2"]
[WhiteElo "1728"]
[BlackElo "2049"]
[PlyCount "37"]
[EventDate "2012.09.01"]
[EventType "swiss"]
[EventRounds "9"]
[EventCountry "ESP"]
[SourceTitle "CBM 150 Extra"]
[Source "ChessBase"]
[SourceDate "2012.10.19"]
[SourceVersion "1"]
[SourceVersionDate "2012.10.19"]
[SourceQuality "1"]

1. e4 e5 2. Nf3 Nc6 3. Bb5 f5 4. d3 fxe4 5. dxe4 Nf6 6. Qe2 Bc5 7. 0-0 d6 8. Bg5 0-0 9. Nbd2 Qe8 10. Nb3 Bb6 11. c4 a6 12. Ba4 Bg4 13. Nbd2 Nd4 14. Qd1 Qh5 15. Be3 Nxf3+ 16. Nxf3 Nxe4 17. Qd5+ Kh8 18. Qxe4 Rxf3 19. Bd1 1/2-1/2

[Event "Tres Cantos op 4th"]
[Site "Tres Cantos"]
[Date "2012.06.29"]
[Round "9"]
[White "Fernandez Rodriguez, Fernando Javier"]
[Black "Lopez Heras, Arturo"]
[Result "1/2-1/2"]
[WhiteElo "1495"]
[BlackElo "1926"]
[PlyCount "71"]
[EventDate "2012.06.21"]
[EventType "swiss"]
[EventRounds "9"]
[EventCountry "ESP"]
[SourceTitle "CBM 149 Extra"]
[Source "ChessBase"]
[SourceDate "2012.08.24"]
[SourceVersion "1"]
[SourceVersionDate "2012.08.24"]
[SourceQuality "1"]

1. e4 e5 2. Nf3 Nc6 3. Bb5 f5 4. d3 fxe4 5. dxe4 Nf6 6. Qe2 Bc5 7. Nc3 d6 8. h3 a6 9. Bc4 b5 10. Bb3 Bd7 11. a3 Qe7 12. Nd5 Nxd5 13. exd5 Nd4 14. Nxd4 Bxd4 15. c3 Bb6 16. Be3 Bxe3 17. fxe3 Qh4+ 18. Qf2 Qxf2+ 19. Kxf2 0-0+ 20. Ke2 Bf5 21. g4 Be4 22. Rh2 Rab8 23. Rc1 a5 24. Ke1 Rf7 25. c4 Bd3 26. cxb5 Rxb5 27. Rc3 e4 28. Rf2 Rxf2 29. Kxf2 Kf8 30. Kg3 g5 31. Bc4 Rc5 32. Bxd3 Rxc3 33. bxc3 exd3 34. Kf3 Ke7 35. e4 Kf6 36. Ke3 1/2-1/2

[Event "Tres Cantos op 4th"]
[Site "Tres Cantos"]
[Date "2012.06.25"]
[Round "5"]
[White "Fernandez Rodriguez, Fernando Javier"]
[Black "Benitez Cadenas, Luis Miguel"]
[Result "1-0"]
[WhiteElo "1495"]
[BlackElo "1719"]
[PlyCount "69"]
[EventDate "2012.06.21"]
[EventType "swiss"]
[EventRounds "9"]
[EventCountry "ESP"]
[SourceTitle "CBM 149 Extra"]
[Source "ChessBase"]
[SourceDate "2012.08.24"]
[SourceVersion "1"]
[SourceVersionDate "2012.08.24"]
[SourceQuality "1"]

1. e4 e6 2. d4 d5 3. exd5 exd5 4. Bd3 Nc6 5. Nf3 Bg4 6. c3 Bd6 7. h3 Bh5 8. 0-0 Nge7 9. Be3 0-0 10. g4 Bg6 11. Nh4 a6 12. Nxg6 Nxg6 13. f4 Re8 14. Qd2 Qh4 15. Rf3 Qe7 16. Na3 Bxa3 17. bxa3 Qxa3 18. f5 Nf8 19. Bf4 Qa5 20. h4 Nd8 21. h5 c5 22. dxc5 Qxc5+ 23. Be3 Qe7 24. Re1 Nd7 25. Bd4 Qh4 26. Kg2 Nc6 27. Bxg7 f6 28. Bh6 Kh8 29. Rh3 Qxg4+ 30. Rg3 Qa4 31. Bg7+ Kg8 32. Bxf6+ Kf7 33. Rg7+ Kf8 34. Qh6 Re2+ 35. Bxe2 1-0